Multiplicative number theory I: (Record no. 15202)
[ view plain ]
| 000 -LEADER | |
|---|---|
| fixed length control field | 01680 a2200241 4500 |
| 001 - CONTROL NUMBER | |
| control field | 11342 |
| 003 - CONTROL NUMBER IDENTIFIER | |
| control field | IN-BhIIT |
| 005 - DATE AND TIME OF LATEST TRANSACTION | |
| control field | 20260105170420.0 |
| 008 - FIXED-LENGTH DATA ELEMENTS--GENERAL INFORMATION | |
| fixed length control field | 251224b |||||||| |||| 00| 0 eng d |
| 020 ## - INTERNATIONAL STANDARD BOOK NUMBER | |
| ISBN | 9781107405820 (pbk.) |
| 040 ## - CATALOGING SOURCE | |
| Original cataloging agency | IN-BhIIT |
| 041 ## - LANGUAGE CODE | |
| Language code of text | eng |
| 082 ## - DEWEY DECIMAL CLASSIFICATION NUMBER | |
| Classification number | 512.723 |
| Book number | MON/M |
| 100 ## - MAIN ENTRY--AUTHOR NAME | |
| Personal name | Montgomery, Hugh L. |
| Relator term | Author |
| 245 ## - TITLE STATEMENT | |
| Title | Multiplicative number theory I: |
| Sub Title | classical theory / |
| Statement of responsibility, etc | Hugh L. Montgomery and Robert C. Vaughan |
| 260 ## - PUBLICATION, DISTRIBUTION, ETC. (IMPRINT) | |
| Place of publication | New Delhi : |
| Name of publisher | cambridge university press, |
| Year of publication | 2012. |
| 300 ## - PHYSICAL DESCRIPTION | |
| Number of Pages | xvii, 552p. : |
| Other physical details(ill.) | iil. ; |
| Dimensions(size) | 20 cm. |
| 504 ## - BIBLIOGRAPHY, ETC. NOTE | |
| Bibliography, etc | Includes bibliographies and index. |
| 520 ## - SUMMARY, ETC. | |
| Summary, etc | Prime numbers are the multiplicative building blocks of natural numbers. Understanding their overall influence and especially their distribution gives rise to central questions in mathematics and physics. In particular their finer distribution is closely connected with the Riemann hypothesis, the most important unsolved problem in the mathematical world. Assuming only subjects covered in a standard degree in mathematics, the authors comprehensively cover all the topics met in first courses on multiplicative number theory and the distribution of prime numbers. They bring their extensive and distinguished research expertise to bear in preparing the student for intelligent reading of the more advanced research literature. This 2006 text, which is based on courses taught successfully over many years at Michigan, Imperial College and Pennsylvania State, is enriched by comprehensive historical notes and references as well as over 500 exercises. |
| 650 ## - SUBJECT ADDED ENTRY--TOPICAL TERM | |
| Topical Term | number theory |
| 700 ## - ADDED ENTRY--PERSONAL NAME | |
| Personal name | Vaughan,Robert C. |
| Relator term | Author |
| 942 ## - ADDED ENTRY ELEMENTS (KOHA) | |
| Koha item type | Technical Reference Book |
| Withdrawn status | Lost status | Damaged status | Not for loan | Collection code | Home library | Current library | Date acquired | Source of acquisition | Cost, normal purchase price | Full call number | Accession Number | Cost, replacement price | Price effective from | Koha item type |
|---|---|---|---|---|---|---|---|---|---|---|---|---|---|---|
| Not withdrawn | Not Lost | not damaged | SBS | Central Library, IIT Bhubaneswar | Central Library, IIT Bhubaneswar | 25/11/2025 | 46 | 971.25 | 512.723 MON/M | 11342 | 1295.00 | 25/11/2025 | Technical Reference Book |